000 00547nam a2200205Ia 4500
005 20260429112147.0
008 260429s9999||||xx |||||||||||||| ||und||
020 _a9781032453736
041 _aEnglish
082 _a910.71
_bMAU
100 _aMaude, Alaric
245 0 _aThinking geographically :
_ba guide to the core concepts for teachers /
_cAlaric Maude
250 _a1st ed.
260 _aLondon :
_bRoutledge,
_c2024.
300 _aix, 280 p.; pbk
650 _a Study
650 _a Teaching
650 _aGeography
942 _cTB
999 _c52662
_d52662